مكتبة جامعة عجلون الوطنية

فهرس بحث المكتبة

العطاء الفكري لأبي الوليد بن رشد: وقائع الحلقة الدراسية التي عقدت في حرم جامعة آل البيت في المفرق/ الاردن بتاريخ 29 رجب 1419هـ الموافق له 18 تشرين الثاني 1998 (Record no. 26865)

MARC details
000 -LEADER
fixed length control field 01040nam a2200229Ii 4500
003 - CONTROL NUMBER IDENTIFIER
control field JO-AjNU
008 - FIXED-LENGTH DATA ELEMENTS--GENERAL INFORMATION
fixed length control field 230605s9999||||xx |||||||||||||| ||und||
017 ## - COPYRIGHT OR LEGAL DEPOSIT NUMBER
Copyright or legal deposit number 1999/10/1928
040 ## - CATALOGING SOURCE
Original cataloging agency JO-AjNU
Language of cataloging ara
Description conventions rda
Transcribing agency JO-AjNU
041 ## - LANGUAGE CODE
Language code of text/sound track or separate title ara
050 14 - LIBRARY OF CONGRESS CALL NUMBER
Classification number B749.Z7.A695 1999
100 3# - MAIN ENTRY--PERSONAL NAME
Personal name تحرير: ملكاوي، فتحي ، عزمي طه,
Relator term author
9 (RLIN) 52573
245 00 - TITLE STATEMENT
Title العطاء الفكري لأبي الوليد بن رشد: وقائع الحلقة الدراسية التي عقدت في حرم جامعة آل البيت في المفرق/ الاردن بتاريخ 29 رجب 1419هـ الموافق له 18 تشرين الثاني 1998
250 ## - EDITION STATEMENT
Edition statement ط1
264 31 - PRODUCTION, PUBLICATION, DISTRIBUTION, MANUFACTURE, AND COPYRIGHT NOTICE
Place of production, publication, distribution, manufacture عمان: المعهد العالمي للفكر الاسلامي،1999
300 ## - PHYSICAL DESCRIPTION
Extent 380ص
336 ## - CONTENT TYPE
Content type term text
Content type code txt
Source rdacontent
337 ## - MEDIA TYPE
Media type term unmediated
Media type code n
Source rdamedia
338 ## - CARRIER TYPE
Carrier type term volume
Carrier type code nc
Source rdacarrier
490 0# - SERIES STATEMENT
Series statement سلسلة حركات الاصلاح والتغيير6
650 #4 - SUBJECT ADDED ENTRY--TOPICAL TERM
Topical term or geographic name entry element الفلسفة الاسلامية- تراجم- ابن رشد
9 (RLIN) 52574
Holdings
Withdrawn status Lost status Source of classification or shelving scheme Damaged status Not for loan Home library Current library Shelving location Date acquired Total Checkouts Full call number Barcode Date last seen Price effective from Koha item type
    Library of Congress Classification     مكتبة جامعة عجلون الوطنية مكتبة جامعة عجلون الوطنية المجموعات العامة 06/06/2023   B749.Z7.A695 1999 A23297 06/06/2023 06/06/2023 Books